| 000 | 00852nam a2200241 i 4500 | ||
|---|---|---|---|
| 001 | 100719 | ||
| 003 | ES-MaACL | ||
| 005 | 20230906182731.0 | ||
| 007 | t| | ||
| 008 | 051004s1963 sp ||||1| spa d | ||
| 110 | 2 |
_aIglesia Católica. _bPapa (1958-1963: Juan XXIII) _9144883 |
|
| 245 | 1 | 0 |
_aMater et Magistra _b: estudio y comentario bajo la dirección de Fomento Social. |
| 260 |
_aMadrid : _bCompañía Bibliográfica Española, _c1963. |
||
| 300 |
_a612 p. ; _c24 cm. |
||
| 490 | 1 | _aBiblioteca Fomento Social | |
| 650 | 4 |
_aIglesia y problemas sociales- _xEncíclicas. _9137973 |
|
| 700 | 0 |
_aJuan _bXIII _c, Papa, Santo. _967136 |
|
| 710 | 2 |
_aFomento Social (Madrid) _9171603 |
|
| 710 | 2 |
_aCompañía Bibliográfica Española. _9171207 |
|
| 830 | 1 |
_aBiblioteca Fomento Social _9181200 |
|
| 852 |
_aES-MaACL _jC-23378 |
||
| 999 |
_c100719 _d100719 |
||